| 000 | 01039nam a2200301Ia 4500 | ||
|---|---|---|---|
| 003 | OSt | ||
| 005 | 20221007124019.0 | ||
| 006 | a|||||r|||| 00| 0 | ||
| 007 | ta | ||
| 008 | 221006b |||||||| |||| 00| 0 eng d | ||
| 020 | _a9780120885220 (pbk) | ||
| 024 | _a84223 | ||
| 037 |
_b1273, 13/03/2009, Educational Book Agency (India) _cTextbook |
||
| 040 |
_aCDL _cCDL _beng |
||
| 041 |
_2eng _aeng |
||
| 082 | _aE218:5, P8;1 Carc | ||
| 100 |
_aSimpson Jeffrey H _9718312 |
||
| 245 | 0 | _aOrganic structure determination using 2-D NMR spectroscopy:a problem-based approach | |
| 260 |
_aAmsterdam _bElsevier _c2008 |
||
| 300 |
_axiv, 362p. _ccm. |
||
| 500 | _a''Glossary 333-347p''.; ''Index 349-362p''. | ||
| 650 |
_a Nuclear magnetic resonance _9717123 |
||
| 650 |
_a RF filtering _9718313 |
||
| 650 |
_a Solvent selection _9718314 |
||
| 650 | _aChemistry | ||
| 942 |
_hE218:5, P8;1 Carc _cTB _2CC |
||
| 999 |
_c1212799 _d1212799 |
||